000 00345nam a2200145Ia 4500
008 231011s9999 xx 000 0 und d
041 _aeng
082 _a332
100 _aShaikh Saleem
245 _aBusiness Environment [Shaikh]
250 _a2nd
260 _bPearson Education (PTE)Ltd.New Delhi Delhi
300 _a802
365 _b380
999 _c892490
_d892490